| 000 | 00462nam a22001577a 4500 | ||
|---|---|---|---|
| 999 |
_c7749 _d7747 |
||
| 005 | 20210324111809.0 | ||
| 008 | 210324b ||||| |||| 00| 0 eng d | ||
| 082 | _a345.408 23 | ||
| 100 |
_aMANOHAR AND CHITALEY _96503 |
||
| 245 | _aTHE AIR MANUAL CIVIL AND CRIMINAL [CRIMINAL P.C [1974] SECTION 145 TO SECTION 247 [VOL-17] | ||
| 250 | _a6TH ED. | ||
| 260 |
_aNAGPUR _bTHE ALL INDIA REPORTER PVT.LTD. |
||
| 300 | _a1260,p | ||
| 650 |
_aLAW _95701 |
||
| 942 | _cJRL | ||